Digital Electronics Principles & Applications ( PR ) (Record no. 6613)

MARC details
000 -LEADER
fixed length control field 00437nam a2200169Ia 4500
008 - FIXED-LENGTH DATA ELEMENTS--GENERAL INFORMATION
fixed length control field 221030s9999 xx 000 0 und d
020 ## - INTERNATIONAL STANDARD BOOK NUMBER
ISBN 0074639374
041 ## - LANGUAGE CODE
Language code of text/sound track or separate title
082 ## - DEWEY DECIMAL CLASSIFICATION NUMBER
Classification number 105.23
Item number Tok
100 ## - MAIN ENTRY--AUTHOR NAME
Personal name R. L. Tokheim ( PR )
245 #0 - TITLE STATEMENT
Title Digital Electronics Principles & Applications ( PR )
Statement of responsibility, etc by R. L. Tokheim ( PR )
250 ## - EDITION STATEMENT
Edition statement 5th
260 ## - PUBLICATION, DISTRIBUTION, ETC. (IMPRINT)
Name of publisher TMH
Place of publication New Delhi
Year of publication 0
300 ## - PHYSICAL DESCRIPTION
Number of Pages 406
650 ## - SUBJECT ADDED ENTRY--TOPICAL TERM
Topical Term BE Computer
942 ## - ADDED ENTRY ELEMENTS (KOHA)
Koha item type Books
Holdings
Accession Number Cost, normal purchase price Full call number Price effective from Koha item type Withdrawn / writtenoff status Materials specified (bound volume or other part) Damaged status Not for loan Permanent Location Current Location Shelving location Date acquired Lost/ Missing status department
BE 1923 225.00 105.23 Tok 10/30/2022 Books   Print     MIET Library, Jammu MIET Library, Jammu BL-Payment, FL-, CUP-0, SH-0, R-0 09/20/2000   BE